| 000 | 00374nam a22001697a 4500 | ||
|---|---|---|---|
| 999 |
_c11575 _d11575 |
||
| 003 | OSt | ||
| 008 | 221007b ||||| |||| 00| 0 eng d | ||
| 020 | _a9788123924700 | ||
| 082 | _a616.07 MAP | ||
| 100 | _aMARYA,RK | ||
| 245 | _aPathophysiology | ||
| 250 | _a2nd | ||
| 260 |
_aNew Delhi _bCBS _c2022 |
||
| 300 | _a390 | ||
| 650 | _aPathophysiology | ||
| 942 |
_2ddc _cBK _05 |
||